[Event "ENCI Limburg-open B"]
[Site "Maastricht"]
[Date "2011.06.12"]
[Round "4"]
[White "Orbons, Richard"]
[Black "Bieberle, Gerhart"]
[Result "0-1"]
[WhiteElo "1723"]
[BlackElo "1900"]
[PlyCount "64"]
[EventDate "2011.06.10"]
[EventType "swiss"]
[EventRounds "7"]
[EventCountry "NED"]
[Source "P.Boonen"]
[SourceDate "2012.01.01"]

1. Nf3 Nf6 2. g3 g6 3. Bg2 Bg7 4. O-O d5 5. c4 c6 6. d3 O-O 7. Nbd2 Re8 8. Re1
e5 9. e4 d4 10. b4 a5 11. Qa4 Bd7 12. b5 Bf8 13. Rb1 cxb5 14. cxb5 Na6 15. Nxe5
Rxe5 16. Qxd4 Rxb5 17. Bb2 Bg7 18. e5 Ne8 19. Nc4 Be6 20. Qe3 Nb4 21. Bc3 Nd5
22. Bxd5 Rxb1 23. Rxb1 Bxd5 24. Nb6 Bxa2 25. Ra1 Ra6 26. Na4 Bd5 27. Nc5 Ra8
28. Qf4 Be6 29. d4 b6 30. Nxe6 fxe6 31. Rd1 Nc7 32. Bb2 Nd5 0-1

[Event "ENCI Limburg-open B"]
[Site "Maastricht"]
[Date "2011.06.12"]
[Round "4"]
[White "Roelofs, Iris"]
[Black "Broekmeulen, Joris"]
[Result "0-1"]
[WhiteElo "1762"]
[BlackElo "1882"]
[PlyCount "94"]
[EventDate "2011.06.10"]
[EventType "swiss"]
[EventRounds "7"]
[EventCountry "NED"]
[Source "P.Boonen"]
[SourceDate "2012.01.01"]

1. e4 d6 2. d4 Nf6 3. Nc3 Nbd7 4. Nf3 e5 5. Bc4 Be7 6. O-O h6 7. dxe5 dxe5 8.
Be3 c6 9. Nd2 O-O 10. f3 Nh5 11. Ne2 Bg5 12. Bf2 Qe7 13. Bd3 Nc5 14. Nb3 Nxd3
15. cxd3 Rd8 16. Qc2 b6 17. d4 Ba6 18. Rfd1 exd4 19. Nbxd4 c5 20. Nf5 Qf8 21.
h4 Nf4 22. Nc3 Bf6 23. Bg3 Bd3 24. Qf2 Bxc3 25. Bxf4 Bf6 26. Rd2 c4 27. Rad1
Kh7 28. Qg3 Be7 29. Be5 f6 30. Nxe7 Qxe7 31. Bc3 b5 32. a3 a5 33. b4 axb4 34.
Bxb4 Qe6 35. Qf2 f5 36. exf5 Qxf5 37. Qg3 Qf6 38. Qe1 Re8 39. Qf2 Ra6 40. Rc1
Rae6 41. Bc3 Qf4 42. g3 Qd6 43. Bb4 Qd7 44. Rcd1 Qc7 45. f4 Re2 46. Rxe2 Rxe2
47. Qf3 Qb6+ 0-1

[Event "ENCI Limburg-open B"]
[Site "Maastricht"]
[Date "2011.06.12"]
[Round "4"]
[White "Sanen, Erwin"]
[Black "Dittmar, Thomas"]
[Result "0-1"]
[WhiteElo "1867"]
[BlackElo "1974"]
[PlyCount "52"]
[EventDate "2011.06.10"]
[EventType "swiss"]
[EventRounds "7"]
[EventCountry "NED"]
[Source "P.Boonen"]
[SourceDate "2012.01.01"]

1. d4 Nf6 2. c4 c5 3. dxc5 e6 4. Nf3 Bxc5 5. e3 O-O 6. Bd3 Nc6 7. Nbd2 d5 8.
cxd5 exd5 9. Nb3 Bd6 10. h3 Ne4 11. O-O Bf5 12. Nbd4 Bg6 13. b3 Nb4 14. Bc2 Rc8
15. Bxe4 dxe4 16. Nd2 Nd3 17. Nc4 Bb8 18. Ba3 Re8 19. Rb1 a6 20. Qd2 b5 21. Nb2
Ne5 22. Bb4 Qg5 23. Kh1 Nf3 24. gxf3 exf3 25. Nxf3 Be4 26. Rg1 Bxf3+ 0-1

[Event "ENCI Limburg-open B"]
[Site "Maastricht"]
[Date "2011.06.12"]
[Round "4"]
[White "Scheeren, Fred"]
[Black "Senders, Mischa"]
[Result "1-0"]
[WhiteElo "1703"]
[BlackElo "1746"]
[PlyCount "57"]
[EventDate "2011.06.10"]
[EventType "swiss"]
[EventRounds "7"]
[EventCountry "NED"]
[Source "P.Boonen"]
[SourceDate "2012.01.01"]

1. e4 e6 2. d4 d5 3. e5 c5 4. c3 Nc6 5. Nf3 Qb6 6. Be2 Nge7 7. Na3 cxd4 8. cxd4
Nf5 9. Nc2 Bd7 10. O-O Be7 11. b3 O-O 12. Bb2 Rac8 13. Bd3 f6 14. Qe2 fxe5 15.
Nxe5 Nxe5 16. dxe5 Be8 17. Kh1 Bg6 18. f4 h5 19. Nd4 Nxd4 20. Bxd4 Bxd3 21.
Qxd3 Bc5 22. Bxc5 Rxc5 23. f5 Rxf5 24. Rxf5 exf5 25. Qxf5 g6 26. Qg5 Rc2 27. h3
Rc3 28. e6 Kg7 29. Qe5+ 1-0

[Event "ENCI Limburg-open B"]
[Site "Maastricht"]
[Date "2011.06.12"]
[Round "4"]
[White "Senders, Justin"]
[Black "Marinc, Damir"]
[Result "1/2-1/2"]
[WhiteElo "1868"]
[BlackElo "2049"]
[PlyCount "75"]
[EventDate "2011.06.10"]
[EventType "swiss"]
[EventRounds "7"]
[EventCountry "NED"]
[Source "P.Boonen"]
[SourceDate "2012.01.01"]

1. e4 e5 2. Nf3 Nc6 3. Bb5 Nge7 4. d4 exd4 5. Nxd4 Nxd4 6. Qxd4 Nc6 7. Bxc6
dxc6 8. Qxd8+ Kxd8 9. Bf4 Bd6 10. Be3 Re8 11. Nc3 Ke7 12. O-O Kf8 13. Rfe1 b5
14. f3 a5 15. Rad1 f6 16. Kf2 Be6 17. Ne2 Bxa2 18. Nd4 Bc4 19. Nxc6 a4 20. Nd4
b4 21. b3 axb3 22. cxb3 Ra2+ 23. Kg1 Be6 24. Nxe6+ Rxe6 25. Rd2 Ra3 26. Rd3 Kf7
27. Rc1 f5 28. Bc5 fxe4 29. fxe4 Ra6 30. Bxd6 cxd6 31. Rd4 Ra2 32. Rxb4 Re2 33.
Rd1 Rg6 34. Rf1+ Ke6 35. Rf2 Re1+ 36. Rf1 Re2 37. Rf2 Re1+ 38. Rf1 1/2-1/2

[Event "ENCI Limburg-open B"]
[Site "Maastricht"]
[Date "2011.06.12"]
[Round "4"]
[White "Tutenel, Erik"]
[Black "Heijenrath, Jan"]
[Result "1/2-1/2"]
[WhiteElo "1834"]
[BlackElo "1782"]
[PlyCount "26"]
[EventDate "2011.06.10"]
[EventType "swiss"]
[EventRounds "7"]
[EventCountry "NED"]
[Source "P.Boonen"]
[SourceDate "2012.01.01"]

1. e4 c5 2. d4 cxd4 3. c3 dxc3 4. Nxc3 Nc6 5. Nf3 d6 6. Bc4 e6 7. O-O Be7 8.
Qe2 a6 9. Rd1 Qc7 10. Bf4 Nf6 11. Rac1 Nh5 12. Be3 Nf6 13. Bf4 Nh5 1/2-1/2

[Event "ENCI Limburg-open B"]
[Site "Maastricht"]
[Date "2011.06.12"]
[Round "4"]
[White "Van Foreest, Lucas"]
[Black "Keetman, Dennis"]
[Result "1/2-1/2"]
[WhiteElo "1874"]
[BlackElo "1880"]
[PlyCount "120"]
[EventDate "2011.06.10"]
[EventType "swiss"]
[EventRounds "7"]
[EventCountry "NED"]
[Source "P.Boonen"]
[SourceDate "2012.01.01"]

1. Nf3 d5 2. d4 Nf6 3. c4 e6 4. Nc3 b6 5. e3 Bb7 6. Bd3 Nbd7 7. O-O Be7 8. b3
O-O 9. Bb2 c5 10. Rc1 Rc8 11. Qe2 h6 12. Rfd1 Bc6 13. Bb1 Qc7 14. Bd3 Qb7 15.
cxd5 exd5 16. Ba6 Qb8 17. Bxc8 Rxc8 18. Ne5 Nxe5 19. dxe5 Qxe5 20. Nxd5 Qe6 21.
Nxe7+ Qxe7 22. Bxf6 Qxf6 23. Qg4 Re8 24. Qg3 Re5 25. Rc4 Qe6 26. h3 Qe7 27. Rg4
f6 28. Rd2 Kh7 29. Rc4 b5 30. Rc3 Rg5 31. Qd6 Qe4 32. Qd3 Rxg2+ 33. Kf1 Qxd3+
34. Rdxd3 Rg5 35. f4 Rh5 36. Kf2 b4 37. Rc1 Be4 38. Rd7 Rxh3 39. Rxa7 Rf3+ 40.
Ke2 Rg3 41. Rxc5 Rg2+ 42. Kf1 Rg3 43. Rcc7 h5 44. Ra4 f5 45. Rxb4 h4 46. Rxe4
fxe4 47. Kf2 Rf3+ 48. Ke2 h3 49. a4 Rg3 50. Rc1 Rg2+ 51. Kf1 Rb2 52. Kg1 Rxb3
53. Ra1 Rxe3 54. a5 Rc3 55. a6 Rc8 56. Kh2 e3 57. Kxh3 Kg6 58. Kg3 e2 59. Kf3
Re8 60. a7 Kf5 1/2-1/2

[Event "ENCI Limburg-open B"]
[Site "Maastricht"]
[Date "2011.06.12"]
[Round "4"]
[White "Van Trijp, Robin"]
[Black "Ramaekers, Philippe1"]
[Result "0-1"]
[WhiteElo "1818"]
[BlackElo "1811"]
[PlyCount "120"]
[EventDate "2011.06.10"]
[EventType "swiss"]
[EventRounds "7"]
[EventCountry "NED"]
[Source "P.Boonen"]
[SourceDate "2012.01.01"]

1. Nf3 f5 2. g3 Nf6 3. Bg2 g6 4. O-O Bg7 5. d4 O-O 6. Bf4 h6 7. h4 d6 8. c3 Qe8
9. Qb3+ Kh8 10. Na3 c6 11. Nc4 Nh5 12. a4 Na6 13. Rfe1 Qf7 14. Na5 Nxf4 15.
gxf4 e6 16. Nc4 Qe7 17. Qa3 Rd8 18. e4 fxe4 19. Nfe5 Qf6 20. Nxd6 Kh7 21. Bxe4
Qxf4 22. Nxg6 Qxd6 23. Qb3 Kg8 24. Re3 Nc7 25. Rg3 Nd5 26. h5 Nf4 27. Qd1 Nxg6
28. Bxg6 Rf8 29. Qg4 Qe7 30. Bd3 Qf6 31. Qe4 Qxf2+ 32. Kh1 Qf5 33. Qxf5 exf5
34. Rag1 Re8 35. Rxg7+ Kh8 36. Rf7 Be6 37. Rf6 Bd5+ 38. Kh2 Re6 39. Rxf5 Rae8
40. Rf2 Be4 41. Bc4 Bd5 42. Bxd5 cxd5 43. b4 Re3 44. Rg3 Rxg3 45. Kxg3 Re3+ 46.
Rf3 Rxf3+ 47. Kxf3 Kg7 48. Ke3 Kf6 49. c4 dxc4 50. Kd2 Ke6 51. Kc2 a6 52. b5
Kd5 53. Kc3 axb5 54. a5 b4+ 55. Kxb4 Kxd4 56. Kb5 c3 57. Kb6 c2 58. Kxb7 c1=Q
59. a6 Qh1+ 60. Kb8 Qxh5 0-1

[Event "ENCI Limburg-open B"]
[Site "Maastricht"]
[Date "2011.06.12"]
[Round "4"]
[White "Vaneylen, Stefan"]
[Black "Chappin, Rene"]
[Result "1-0"]
[WhiteElo "1774"]
[BlackElo "1682"]
[PlyCount "91"]
[EventDate "2011.06.10"]
[EventType "swiss"]
[EventRounds "7"]
[EventCountry "NED"]
[Source "P.Boonen"]
[SourceDate "2012.01.01"]

1. f4 e5 2. fxe5 d6 3. exd6 Bxd6 4. Nf3 Bg4 5. g3 Nf6 6. Nc3 Qd7 7. Bg2 h5 8.
d4 c6 9. Bf4 Bb4 10. Ne5 Qe6 11. Qd2 Nd5 12. Bxd5 cxd5 13. Nxg4 hxg4 14. a3
Bxc3 15. Qxc3 Nc6 16. O-O-O f5 17. Rd3 Kf7 18. Re3 Qd7 19. b4 a6 20. Rd3 Rac8
21. Qd2 b6 22. e3 b5 23. Qg2 Rh3 24. Rc3 Re8 25. Rc5 Re4 26. Qd2 Rh8 27. Qc3
Re6 28. Qd3 g6 29. Qd2 Ree8 30. Qg2 Re4 31. h3 gxh3 32. Rxh3 Ree8 33. Rxh8 Rxh8
34. Qxd5+ Qxd5 35. Rxd5 Ra8 36. Rc5 Nd8 37. d5 Ke8 38. Kd2 Nf7 39. Kd3 g5 40.
Bc7 Kd7 41. e4 fxe4+ 42. Kxe4 Re8+ 43. Kd4 g4 44. Bf4 Rf8 45. Rc6 Nd8 46. Rxa6
1-0

[Event "ENCI Limburg-open B"]
[Site "Maastricht"]
[Date "2011.06.12"]
[Round "4"]
[White "Zilverberg, Jasper"]
[Black "Bergmans, Dirk"]
[Result "1-0"]
[WhiteElo "2028"]
[BlackElo "1871"]
[PlyCount "85"]
[EventDate "2011.06.10"]
[EventType "swiss"]
[EventRounds "7"]
[EventCountry "NED"]
[Source "P.Boonen"]
[SourceDate "2012.01.01"]

1. d4 Nf6 2. c4 g6 3. Nc3 Bg7 4. e4 d6 5. Nf3 O-O 6. Be2 e5 7. O-O Nc6 8. d5
Ne7 9. Ne1 Nd7 10. Be3 f5 11. f3 Nf6 12. c5 f4 13. Bf2 g5 14. Rc1 Ng6 15. cxd6
cxd6 16. Nb5 Rf7 17. Nxa7 Bd7 18. Qb3 g4 19. Qb6 Qb8 20. Rc7 Rxa7 21. Rxd7 Ra8
22. Rxf7 Kxf7 23. Nd3 gxf3 24. gxf3 Rxa2 25. Rc1 Bf8 26. Qc7+ Qxc7 27. Rxc7+
Kg8 28. Rxb7 Ra4 29. Nb4 h5 30. Nc6 Nxe4 31. fxe4 Rxe4 32. Bd3 Ra4 33. Bxg6 f3
34. Bh4 Rxh4 35. Kf2 e4 36. Bxe4 Rxe4 37. Kxf3 Rh4 38. Kg3 Rc4 39. b4 Bg7 40.
b5 Rc5 41. b6 Be5+ 42. Nxe5 dxe5 43. d6 1-0

[Event "ENCI Limburg-open B"]
[Site "Maastricht"]
[Date "2011.06.12"]
[Round "5"]
[White "Begri, Felix"]
[Black "Arns, Danny"]
[Result "1-0"]
[WhiteElo "1888"]
[BlackElo "1706"]
[PlyCount "57"]
[EventDate "2011.06.10"]
[EventType "swiss"]
[EventRounds "7"]
[EventCountry "NED"]
[Source "P.Boonen"]
[SourceDate "2012.01.01"]

1. Nf3 d5 2. d4 e6 3. c4 Nf6 4. g3 Bb4+ 5. Bd2 Bxd2+ 6. Nbxd2 Bd7 7. Bg2 Bc6 8.
Ne5 O-O 9. Nxc6 Nxc6 10. e3 Qd6 11. O-O Rab8 12. a3 Ne7 13. Qc2 Rfc8 14. c5 Qd7
15. Rfd1 b6 16. e4 b5 17. e5 Ne8 18. f4 Nf5 19. Qd3 g6 20. g4 Ne7 21. Qh3 Ng7
22. Qh6 Kh8 23. Nf3 Ng8 24. Qh3 h5 25. Ng5 f6 26. exf6 Nxf6 27. gxh5 Nfxh5 28.
Bf3 Qe8 29. Re1 1-0

[Event "ENCI Limburg-open B"]
[Site "Maastricht"]
[Date "2011.06.12"]
[Round "5"]
[White "Bergmans, Dirk"]
[Black "Kranenburg, Sebastiaan"]
[Result "1-0"]
[WhiteElo "1871"]
[BlackElo "1618"]
[PlyCount "63"]
[EventDate "2011.06.10"]
[EventType "swiss"]
[EventRounds "7"]
[EventCountry "NED"]
[Source "P.Boonen"]
[SourceDate "2012.01.01"]

1. c4 f5 2. d4 Nf6 3. Nf3 g6 4. g3 Bg7 5. Bg2 d6 6. O-O O-O 7. Nc3 c6 8. d5 e5
9. e4 f4 10. Qd3 c5 11. gxf4 exf4 12. Bxf4 Nh5 13. Bg3 a6 14. Rae1 Nxg3 15.
fxg3 Bd7 16. e5 Bf5 17. Qd2 dxe5 18. Nxe5 Qd6 19. Nd3 Nd7 20. Ne4 Qb8 21. Kh1
b5 22. b3 b4 23. Qe2 Re8 24. Qf3 Rf8 25. Qd1 Qb6 26. g4 Bxe4 27. Rxe4 Nf6 28.
Re6 Qa7 29. Qe2 Rae8 30. g5 Kf7 31. gxf6 Rxe6 32. Qxe6# 1-0

[Event "ENCI Limburg-open B"]
[Site "Maastricht"]
[Date "2011.06.12"]
[Round "5"]
[White "Bieberle, Gerhart"]
[Black "Alvarez Carbajales, Fermin"]
[Result "0-1"]
[WhiteElo "1900"]
[BlackElo "1918"]
[PlyCount "120"]
[EventDate "2011.06.10"]
[EventType "swiss"]
[EventRounds "7"]
[EventCountry "NED"]
[Source "P.Boonen"]
[SourceDate "2012.01.01"]

1. d4 d5 2. c4 e6 3. Nc3 c5 4. cxd5 exd5 5. dxc5 d4 6. Ne4 Bf5 7. Nd6+ Bxd6 8.
cxd6 Qxd6 9. e3 Nc6 10. f3 Nf6 11. e4 Bg6 12. Bd3 O-O 13. Ne2 Nd7 14. a3 a5 15.
O-O Nc5 16. Bf4 Qd7 17. Rc1 Ne6 18. Qa4 Rfd8 19. Bg3 Ne7 20. Qxd7 Rxd7 21. Bf2
Rad8 22. Rfd1 Kh8 23. g4 f6 24. Bg3 Nc6 25. Kf2 Ne5 26. h3 b6 27. b4 Ng5 28.
Ng1 axb4 29. axb4 Ne6 30. Bb5 Rc7 31. Rxc7 Nxc7 32. Bd3 Nxd3+ 33. Rxd3 Nb5 34.
Ne2 Bf7 35. g5 Bc4 36. Rd2 Kg8 37. gxf6 gxf6 38. e5 Kf7 39. Bh4 d3 40. Bxf6 Rd7
41. f4 Ke6 42. Ng3 Nd4 43. Rb2 Nf5 44. Ne4 h6 45. Nd2 Bb5 46. Nf3 Bc4 47. Rd2
Rd5 48. Rb2 Bb5 49. h4 Rd7 50. h5 Bc6 51. Rd2 Bb5 52. Bh4 Nxh4 53. Nxh4 Rd4 54.
Ke3 Rxb4 55. Nf3 Kd5 56. f5 Re4+ 57. Kf2 Re2+ 58. Rxe2 dxe2 59. f6 Be8 60. Nh4
Kxe5 0-1

[Event "ENCI Limburg-open B"]
[Site "Maastricht"]
[Date "2011.06.12"]
[Round "5"]
[White "Bok, Gidius"]
[Black "Bruls, Peter"]
[Result "0-1"]
[WhiteElo "1710"]
[BlackElo "1845"]
[PlyCount "86"]
[EventDate "2011.06.10"]
[EventType "swiss"]
[EventRounds "7"]
[EventCountry "NED"]
[Source "P.Boonen"]
[SourceDate "2012.01.01"]

1. e4 e5 2. Nf3 Nc6 3. Bc4 Be7 4. d3 Nf6 5. Nc3 O-O 6. Be3 a6 7. O-O d6 8. h3
Na5 9. Bb3 Nxb3 10. axb3 Ne8 11. Nh2 f5 12. f4 exf4 13. Bxf4 Be6 14. Be3 Qd7
15. Nf3 f4 16. Bd2 g5 17. Nd4 Nf6 18. Nxe6 Qxe6 19. Qf3 c6 20. Ne2 d5 21. Nd4
Bc5 22. c3 dxe4 23. dxe4 Nxe4 24. Be3 Bxd4 25. Bxd4 Nd2 26. Qh5 Nxf1 27. Qxg5+
Qg6 28. Qxg6+ hxg6 29. Kxf1 Rae8 30. Re1 Rxe1+ 31. Kxe1 Kf7 32. Ke2 Ke6 33. Kf3
Kf5 34. b4 Re8 35. Kf2 Ke4 36. Ke2 Rd8 37. Bc5 Rd3 38. Bd4 f3+ 39. gxf3+ Rxf3
40. h4 Rh3 41. Bf2 Rh2 42. c4 Rh3 43. c5 Rb3 0-1

[Event "ENCI Limburg-open B"]
[Site "Maastricht"]
[Date "2011.06.12"]
[Round "5"]
[White "Bondarchuk, Vadim"]
[Black "Van Trijp, Robin"]
[Result "1-0"]
[WhiteElo "1992"]
[BlackElo "1818"]
[PlyCount "111"]
[EventDate "2011.06.10"]
[EventType "swiss"]
[EventRounds "7"]
[EventCountry "NED"]
[Source "P.Boonen"]
[SourceDate "2012.01.01"]

1. e4 e6 2. d4 d5 3. Nc3 Nf6 4. e5 Nfd7 5. f4 c5 6. Nf3 Nc6 7. Be3 Qb6 8. Na4
Qa5+ 9. c3 cxd4 10. b4 Qc7 11. Nxd4 a6 12. Bd3 Nxd4 13. Bxd4 Be7 14. O-O b5 15.
Nb2 Nb6 16. Bc2 Nc4 17. Nd3 Bd7 18. Nc5 Bxc5 19. Bxc5 a5 20. a3 a4 21. Bd3
O-O-O 22. Qe2 h6 23. Qf2 Rdg8 24. Bxc4 dxc4 25. Bd6 Qb7 26. Rad1 Bc6 27. Rd2
Bd5 28. Qc5+ Qc6 29. Qxc6+ Bxc6 30. Rfd1 Rd8 31. Bc5 Be4 32. Rxd8+ Rxd8 33.
Rxd8+ Kxd8 34. Bf8 g6 35. Bxh6 Kd7 36. Kf2 Kc6 37. g4 Bc2 38. Kg3 Kd7 39. Kh4
Ke7 40. Kg5 Bd3 41. Bg7 Bc2 42. h4 Bd3 43. Kh6 Be2 44. Bf6+ Kf8 45. Kg5 Kg8 46.
h5 gxh5 47. gxh5 Bd3 48. h6 Be4 49. Bg7 Bc6 50. Kf6 Be4 51. Ke7 Bc6 52. Bf6 Kh7
53. Kxf7 Kxh6 54. Kxe6 Be4 55. Kd6 Bf5 56. Kc6 1-0

[Event "ENCI Limburg-open B"]
[Site "Maastricht"]
[Date "2011.06.12"]
[Round "5"]
[White "Braam, Marco"]
[Black "Coenen, Bert"]
[Result "1/2-1/2"]
[WhiteElo "1751"]
[BlackElo "1856"]
[PlyCount "68"]
[EventDate "2011.06.10"]
[EventType "swiss"]
[EventRounds "7"]
[EventCountry "NED"]
[Source "P.Boonen"]
[SourceDate "2012.01.01"]

1. e4 c5 2. Nc3 e6 3. g3 Nc6 4. Bg2 g6 5. d3 Bg7 6. Be3 d6 7. Qd2 Nge7 8. Bh6
O-O 9. Bxg7 Kxg7 10. f4 e5 11. fxe5 dxe5 12. Nf3 f6 13. O-O Be6 14. Ne2 Nd4 15.
Nexd4 cxd4 16. c3 Nc6 17. c4 Qe7 18. Rab1 a5 19. a3 Ra7 20. Nh4 Rfa8 21. Rf2 b6
22. Rbf1 Rf8 23. Nf3 Raa8 24. h3 g5 25. g4 h6 26. Ne1 Rf7 27. Nc2 Rff8 28. Rb1
Ra7 29. Ne1 Rfa8 30. Qd1 Bd7 31. Rc2 Nd8 32. Rcc1 Nc6 33. Kh2 Kg6 34. Bf3 Kg7
1/2-1/2

[Event "ENCI Limburg-open B"]
[Site "Maastricht"]
[Date "2011.06.12"]
[Round "5"]
[White "Broekhuis, Jan"]
[Black "Senders, Mischa"]
[Result "0-1"]
[WhiteElo "1869"]
[BlackElo "1746"]
[PlyCount "92"]
[EventDate "2011.06.10"]
[EventType "swiss"]
[EventRounds "7"]
[EventCountry "NED"]
[Source "P.Boonen"]
[SourceDate "2012.01.01"]

1. e4 e6 2. d4 d5 3. Nd2 dxe4 4. Nxe4 Nd7 5. Nf3 Ngf6 6. Nxf6+ Nxf6 7. Bd3 Be7
8. O-O O-O 9. Qe2 b6 10. Bg5 Bb7 11. c3 Nd7 12. Be3 c5 13. Rad1 Qc7 14. Rfe1
Rad8 15. Bb1 cxd4 16. Bxd4 Rfe8 17. Qc2 Nf8 18. Qe2 Bc5 19. Be5 Bd6 20. Rxd6
Rxd6 21. Nd4 Qc5 22. b4 Qd5 23. Qg4 f6 24. c4 Qxe5 25. Rxe5 fxe5 26. Nb3 Red8
27. Bc2 Be4 28. c5 bxc5 29. bxc5 Rd5 30. h4 Bxc2 31. c6 Bxb3 32. axb3 Rc8 33.
Qa4 a5 34. g3 Rc5 35. h5 R8xc6 36. Qg4 Rb5 37. h6 Rc7 38. Qg5 Rxb3 39. Qxe5 Ra7
40. hxg7 Rxg7 41. Qxa5 Rf3 42. Qh5 Rgf7 43. Qg4+ Kh8 44. Qd4+ R7f6 45. Qe5 Ng6
46. g4 Nxe5 0-1

[Event "ENCI Limburg-open B"]
[Site "Maastricht"]
[Date "2011.06.12"]
[Round "5"]
[White "Broekmeulen, Joris"]
[Black "Zilverberg, Jasper"]
[Result "0-1"]
[WhiteElo "1882"]
[BlackElo "2028"]
[PlyCount "84"]
[EventDate "2011.06.10"]
[EventType "swiss"]
[EventRounds "7"]
[EventCountry "NED"]
[Source "P.Boonen"]
[SourceDate "2012.01.01"]

1. e4 Nf6 2. Nc3 d5 3. e5 Ne4 4. d4 Nxc3 5. bxc3 c5 6. Bd3 Nc6 7. Nf3 Bg4 8.
Be3 e6 9. O-O Be7 10. Rb1 Rb8 11. h3 Bh5 12. Be2 Qa5 13. c4 cxd4 14. Nxd4 Bxe2
15. Qxe2 Nxd4 16. Bxd4 dxc4 17. Qxc4 O-O 18. c3 Rfc8 19. Qe2 b5 20. f4 g6 21.
Qf2 a6 22. f5 exf5 23. g4 f4 24. Qxf4 Qxa2 25. Ra1 Qd5 26. Rxa6 Ra8 27. Rd6
Bxd6 28. exd6 Ra2 29. Rf3 Re8 30. Rf2 Re1+ 31. Kh2 Rh1+ 32. Kg3 Rg1+ 33. Kh4
Rxf2 34. Bxf2 g5+ 35. Qxg5+ Qxg5+ 36. Kxg5 Rd1 37. Bd4 Kf8 38. Kf6 Ke8 39. Bc5
Rh1 40. d7+ Kxd7 41. Kxf7 Rxh3 42. Bd4 Rg3 0-1

[Event "ENCI Limburg-open B"]
[Site "Maastricht"]
[Date "2011.06.12"]
[Round "5"]
[White "Chappin, Rene"]
[Black "Maurissen, Wim"]
[Result "0-1"]
[WhiteElo "1682"]
[BlackElo "1906"]
[PlyCount "62"]
[EventDate "2011.06.10"]
[EventType "swiss"]
[EventRounds "7"]
[EventCountry "NED"]
[Source "P.Boonen"]
[SourceDate "2012.01.01"]

1. e4 e6 2. d4 d5 3. exd5 exd5 4. Nf3 Bd6 5. Bd3 Nf6 6. Bg5 O-O 7. O-O Bg4 8.
Nbd2 Nbd7 9. c3 c6 10. Qc2 Qc7 11. h3 Bh5 12. Rfe1 Rfe8 13. Kf1 Bf4 14. Rxe8+
Rxe8 15. Re1 Rxe1+ 16. Kxe1 b6 17. Kf1 a5 18. a4 Bxg5 19. Nxg5 h6 20. Ngf3 Bxf3
21. Nxf3 c5 22. dxc5 bxc5 23. Qe2 c4 24. Bc2 Kf8 25. g3 Qb8 26. Bd1 Ne4 27. Kg2
Ndc5 28. Nd4 Nd3 29. b3 Ndxf2 30. Qf3 Nxd1 31. Ne6+ Kg8 0-1

[Event "ENCI Limburg-open B"]
[Site "Maastricht"]
[Date "2011.06.12"]
[Round "5"]
[White "Cillen, Jeroen"]
[Black "Vaneylen, Stefan"]
[Result "0-1"]
[WhiteElo "1892"]
[BlackElo "1774"]
[PlyCount "52"]
[EventDate "2011.06.10"]
[EventType "swiss"]
[EventRounds "7"]
[EventCountry "NED"]
[Source "P.Boonen"]
[SourceDate "2012.01.01"]

1. e4 e6 2. d4 c5 3. Nf3 cxd4 4. Nxd4 Ne7 5. c4 Ng6 6. Nc3 a6 7. Be3 Be7 8. g3
e5 9. Nf5 O-O 10. Nd5 Qa5+ 11. Bd2 Qd8 12. Bc3 Nc6 13. Ndxe7+ Ngxe7 14. Nd6 Qb6
15. b4 Qc7 16. Qd3 Nd4 17. c5 Nec6 18. f4 b6 19. Bg2 bxc5 20. bxc5 Ne6 21. Qc4
a5 22. f5 Ba6 23. Qd5 Ned4 24. Nxf7 Rxf7 25. Rc1 Rb8 26. g4 Ne7 0-1

[Event "ENCI Limburg-open B"]
[Site "Maastricht"]
[Date "2011.06.12"]
[Round "5"]
[White "Coenen, Siegfried"]
[Black "Cornelius, Jorg"]
[Result "1-0"]
[WhiteElo "1977"]
[BlackElo "2031"]
[PlyCount "79"]
[EventDate "2011.06.10"]
[EventType "swiss"]
[EventRounds "7"]
[EventCountry "NED"]
[Source "P.Boonen"]
[SourceDate "2012.01.01"]

1. e4 Nf6 2. e5 Nd5 3. c4 Nb6 4. d4 d6 5. exd6 exd6 6. Be2 Be7 7. h3 Bf5 8. Nf3
O-O 9. O-O Bf6 10. Nc3 Nc6 11. a3 d5 12. c5 Nc8 13. Qb3 Bxd4 14. Qxd5 N8e7 15.
Qxd8 Raxd8 16. Nxd4 Nxd4 17. Bc4 h6 18. Bf4 Be6 19. Bxe6 Nxe6 20. Bh2 Rd2 21.
b4 a6 22. Rfe1 Rfd8 23. Bxc7 R8d3 24. Bd6 Rxc3 25. Bxe7 Rcc2 26. Rf1 Nf4 27.
Bd6 Ne2+ 28. Kh2 Nc3 29. Rae1 Nd5 30. Re8+ Kh7 31. Rb8 Rxf2 32. Rxf2 Rxf2 33.
Kg3 Ra2 34. Rxb7 Rxa3+ 35. Kh2 Kg6 36. b5 axb5 37. Rxb5 Rc3 38. c6 Nf6 39. Ra5
Rc5 40. Bxc5 1-0

[Event "ENCI Limburg-open B"]
[Site "Maastricht"]
[Date "2011.06.12"]
[Round "5"]
[White "Cromsigt, Jeroen"]
[Black "Henrotte, Nils"]
[Result "1/2-1/2"]
[WhiteElo "1902"]
[BlackElo "1963"]
[PlyCount "56"]
[EventDate "2011.06.10"]
[EventType "swiss"]
[EventRounds "7"]
[EventCountry "NED"]
[Source "P.Boonen"]
[SourceDate "2012.01.01"]

1. e4 e6 2. Nf3 d5 3. Nc3 Nf6 4. e5 Nfd7 5. d4 c5 6. Bg5 Qb6 7. dxc5 Bxc5 8.
Qd2 Bxf2+ 9. Qxf2 Qxb2 10. Kd2 Qxa1 11. Bb5 Qxh1 12. Qc5 Qxg2+ 13. Kc1 Nc6 14.
Bxc6 Qxg5+ 15. Nxg5 bxc6 16. Qxc6 Rb8 17. Nxd5 exd5 18. e6 O-O 19. exd7 Bb7 20.
Qc7 Rfd8 21. Qf4 Rf8 22. Qc7 Rfd8 23. Qf4 Rf8 24. Qf5 g6 25. Qf6 h6 26. Ne6
fxe6 27. Qxg6+ Kh8 28. Qxh6+ Kg8 1/2-1/2

[Event "ENCI Limburg-open B"]
[Site "Maastricht"]
[Date "2011.06.12"]
[Round "5"]
[White "Daamen, Roland"]
[Black "Sluiter, Jan"]
[Result "1-0"]
[WhiteElo "1858"]
[BlackElo "1859"]
[PlyCount "85"]
[EventDate "2011.06.10"]
[EventType "swiss"]
[EventRounds "7"]
[EventCountry "NED"]
[Source "P.Boonen"]
[SourceDate "2012.01.01"]

1. e4 c5 2. Nf3 Nc6 3. d4 cxd4 4. Nxd4 g6 5. Be3 Nf6 6. Nc3 Bg7 7. Nxc6 bxc6 8.
e5 Nd5 9. Nxd5 cxd5 10. Qxd5 Rb8 11. Bc4 O-O 12. O-O Qc7 13. f4 Bb7 14. Qd3
Rfc8 15. Bb3 Qc6 16. Rf2 a5 17. a4 Rc7 18. Qb5 Ra8 19. c3 Ba6 20. Qxc6 dxc6 21.
Bc5 Rb7 22. Bd1 Bc4 23. Bf3 Bd5 24. Bxd5 cxd5 25. b4 e6 26. b5 Rc7 27. Bd4 Bf8
28. Rb2 Be7 29. b6 Rb7 30. Rab1 Kf8 31. Rb5 Ke8 32. Kf2 Kd7 33. Ke3 Ra6 34. Kd3
Bd8 35. c4 dxc4+ 36. Kxc4 Kc6 37. Rc5+ Kd7 38. Rcb5 Kc6 39. g4 Be7 40. Bf2 Bb4
41. Rd1 h6 42. Rxb4 axb4 43. Rd6# 1-0

[Event "ENCI Limburg-open B"]
[Site "Maastricht"]
[Date "2011.06.12"]
[Round "5"]
[White "De Bruin, Joost"]
[Black "Frijns, Raoul"]
[Result "1/2-1/2"]
[WhiteElo "1778"]
[BlackElo "1809"]
[PlyCount "45"]
[EventDate "2011.06.10"]
[EventType "swiss"]
[EventRounds "7"]
[EventCountry "NED"]
[Source "P.Boonen"]
[SourceDate "2012.01.01"]

1. e4 c5 2. Nc3 Nc6 3. f4 d6 4. Nf3 Nf6 5. Bc4 g6 6. O-O Bg7 7. d3 e6 8. Qe1 a6
9. a4 O-O 10. f5 exf5 11. Qh4 Nh5 12. Bg5 Bf6 13. exf5 Kg7 14. g4 h6 15. Bxf6+
Nxf6 16. g5 hxg5 17. Qxg5 Nh7 18. Qxd8 Rxd8 19. fxg6 fxg6 20. Nd5 Bg4 21. c3
Rf8 22. Nd2 Ne5 23. d4 1/2-1/2